Statistics for Top 100 Athletes of 2012

Click here to take the quiz!

General Stats

  • This quiz has been taken 500 times
  • The average score is 20 of 100

Answer Stats

#SportAnswer% Correct
1SoccerLionel Messi
88%
2BasketballLeBron James
86%
16SoccerCristiano Ronaldo
78%
14SwimmingMichael Phelps
76%
6Track & FieldUsain Bolt
73%
89TennisRoger Federer
65%
10TennisSerena Williams
62%
66BasketballDeron Williams
61%
12BasketballKobe Bryant
61%
17FootballTom Brady
61%
77TennisRafael Nadal
59%
21FootballPeyton Manning
58%
81GolfTiger Woods
55%
9BasketballKevin Durant
50%
35TennisNovak Djokovic
44%
51Beach VolleyballMisty May-Treanor
43%
13FootballCalvin Johnson
41%
74BasketballDwyane Wade
40%
80Auto RacingJimmie Johnson
40%
62TennisAndy Murray
34%
56FootballAaron Rodgers
31%
19Mixed Martial ArtsJon Jones
29%
3FootballAdrian Peterson
28%
4College FootballJohnny Manziel
28%
82FootballRobert Griffin III
28%
71FootballAldon Smith
27%
24SoccerAndres Iniesta
26%
44BasketballRussell Westbrook
26%
43SwimmingRyan Lochte
26%
92BasketballTim Duncan
26%
25BasketballChris Paul
25%
5BaseballMike Trout
25%
30BasketballCarmelo Anthony
24%
63FootballDrew Brees
24%
59BasketballDwight Howard
24%
91GolfInbee Park
24%
94TennisMaria Sharapova
23%
20GymnasticsGabby Douglas
20%
22GolfRory McIlroy
20%
97BasketballCandace Parker
19%
84BasketballJames Harden
19%
18BaseballMiguel Cabrera
18%
37BaseballJustin Verlander
17%
42Mixed Martial ArtsAnderson Silva
14%
61BaseballClayton Kershaw
14%
50Beach VolleyballKerri Walsh-Jennings
14%
8SwimmingMissy Franklin
13%
39SoccerRobin van Persie
13%
65GolfStacy Lewis
13%
86SoccerIker Casillas
11%
93SoccerSergio Aguero
11%
38FootballJ.J. Watt
10%
54College FootballMarqise Lee
10%
52BasketballRajon Rondo
10%
68SoccerXavi Hernandez
10%
34HockeyEvgeni Malkin
9%
73FootballA.J. Green
8%
29SoccerAndrea Pirlo
8%
45College FootballJordan Lynch
8%
75FootballMarshawn Lynch
8%
26BaseballRyan Braun
8%
47FootballArian Foster
7%
64TennisVictoria Azarenka
7%
28SoccerAbby Wambach
6%
15SoccerAlex Morgan
6%
11GymnasticsAly Raisman
6%
48SoccerHope Solo
6%
72College FootballManti T'eo
6%
76SoccerRadamel Falcao
6%
40BaseballBuster Posey
5%
70HockeyJonathan Quick
5%
87BaseballMatt Kemp
5%
41HockeySteven Stamkos
5%
67HockeyHenrik Lundqvist
4%
23BasketballMaya Moore
4%
99Track & FieldDavid Rudisha
3%
55JudoKayla Harrison
3%
69SoccerMarta
3%
31Track & FieldMo Farrah
3%
96SoccerPetr Cech
3%
95SwimmingYe Shiwen
3%
46GymnasticsAliya Mustafina
2%
7Track & FieldAshton Eaton
2%
78FootballBrandon Marshall
2%
33College BasketballBrittney Griner
2%
32College FootballCollin Klein
2%
85BasketballDiana Taurasi
2%
53BoxingJuan-Manuel Marquez
2%
100GymnasticsKohei Uchimura
2%
83College FootballMontee Ball
2%
27BaseballR.A. Dickey
2%
79SwimmingRebecca Soni
2%
98TennisAgnieszka Radwanska
1%
49Auto RacingBrad Keselowski
1%
36SoccerCarli Lloyd
1%
60SoccerChristine Sinclair
1%
58SwimmingDana Vollmer
1%
57College FootballKa'Deem Carey
1%
88BoxingNonito Donaire
1%
90SwimmingRanomi Kromowidjojo
1%

Score Distribution

Percentile by Number Answered

Percent of People with Each Score

Your Score History

You have not taken this quiz